=LDR 00000nam 2200000 4500 =001 INLIS000000000047748 =005 20160215112503.0 =006 =007 =008 =035 ##$$0010-021600000000136 =040 ##$$a NPBDMAT =082 ##$$a 364.102 6 =090 ##$$a 364.102 6 $b Ind u =100 ##$$a Indonesia - Kementrian Negara Pemberdayaan Perempuan =245 ##$$a Undang-Undang Republik Indonesia Nomor 21 Tahun 2007 Tentang Pemberantasan Tindak Pidana Perdagangan Orang =260 ##$$a Jakarta : $b Kementrian Negara Pemberdayaan Perempuan RI, $c 2007 =300 ##$$a 27 hlm $c 21 cm =650 ##$$a Perdagangan Orang - Undang-Undang dan Peraturan =700 ##$$a Kementrian Pemberdayaan Perempuan RI =990 ##$$a 04880488